|
|
|
|
| LEADER |
00000nab a2200000uu 4500 |
| 001 |
vtls011524929 |
| 003 |
SK-MaSNL |
| 005 |
20260303181539.0 |
| 008 |
230704|1967 xo |||||||||||||||||slo| |
| 015 |
|
|
|a SNBRB
|
| 035 |
|
|
|a (urnnbn)urn:nbn:sk:snk:ar-002ovf
|
| 035 |
|
|
|a (uuid)d31fb341-8736-4bb4-92e3-74d589de8164
|
| 035 |
|
|
|a urn:nbn:sk:snk-abeccv
|
| 040 |
|
|
|a SNKBUCL
|b slo
|c SNKBUCL
|e AACR2
|
| 041 |
1 |
|
|a slo
|h slv
|
| 044 |
|
|
|a xo
|c SK
|
| 100 |
1 |
|
|a Kocbek, Edvard,
|d 1904-1981
|4 aut
|9 41397
|
| 245 |
1 |
0 |
|a Čierne more
|c Edvard Kocbek ; preložil Víťazoslav Hečko
|
| 655 |
|
7 |
|a slovinská poézia
|2 SNKPH
|9 70608
|
| 700 |
1 |
|
|a Hečko, Víťazoslav,
|d 1919-1972
|4 trl
|9 108303
|
| 773 |
0 |
|
|t Slovenské pohľady
|g Roč. 83, č. 4 (1967), s. 79
|
| 850 |
|
|
|a Slovenská národná knižnica
|
| 852 |
|
|
|a Slovenská národná knižnica
|
| 954 |
|
|
|a beletria cudzojazyčná (svetová)
|2 lita
|
| 958 |
|
|
|a OND
|
| 958 |
|
|
|a EUIPO
|
| 958 |
|
|
|a article21
|
| 999 |
|
|
|c 2113003
|d 2114933
|